000 00856cam a22002058i 4500
005 20250910144515.0
020 _a9781032751580
082 0 0 _a306.2 LEG/C
100 1 _aLéger, Marc James,
_91185
245 1 0 _aClass struggle and identity politics :
_ba guide /
_cby Marc James Léger.
260 _a. - New York
_b: Routledge
_c, 2024
300 _a268 pages
504 _aIncludes bibliographical references and index.
520 _a"Class Struggle and Identity Politics explores the historical, cultural, political and economic developments since the postwar era, providing the reader with everything they wanted to know but were afraid to ask about the campus wars"--
650 0 _aIdentity politics.
_91186
650 0 _aPolitics and culture.
_91187
650 0 _aSocial classes
_91188
650 0 _aPolitical sociology.
_91189
942 _2ddc
_cBK
999 _c751220
_d751220